000 01299nam a2200241 a 4500
001 000004475
005 20200929151440.0
008 090723s2007 dr a r 001 0 spa d
040 _aDO-SdBNP
_bspa
_cBNPHU
082 _a342
_bH557d
100 1 _aHernández-Machado Santana, Erick J.
_913090
245 1 0 _aDerecho procesal constitucional /
_cErick J. Hernández-Machado Santana.
260 _aSanto Domingo :
_bFundación Derecho Constitucional y Comunitario,
_c2007.
300 _a299 p. :
_bil. ;
_c24 cm.
500 _aIncluye datos biográficos del autor en las solapas.
500 _aIncluye referencias bibliográficas y notas al pie de loas páginas.
505 0 _aIntroducción --
_tDel proceso de constitucionalidad --
_tLa justicia constitucional --
_tJurisprudencias constitucionales --
_gAnexos:
_tConstitución de la Corte de Cádiz, España, 1812 --
_tConstitución de la naciente República Dominicana, votada el 6 de noviembre de 1844 --
_tConstitución de la República Dominicana, 2002 --
_tBibliografía.
590 _aInventariado, 2018/BT
650 4 _aDerecho procesal
_zRepública Dominicana
_913091
651 4 _aRepública Dominicana
_xHistoria Constitucional
_96486
651 4 _aRepública Dominicana
_xDerecho Constitucional
_99303
910 _aValidado. Control de calidad EMS
999 _c4284
_d4284